00751nam a2200193Ia 4500008004100000020001500041041001200056082001600068100001700084245004000101250000800141260004400149300000800193650001400201942000700215999001500222952016000237952016000397221030s9999 xx 000 0 und d a0198501013 aEnglish a105.23bAtk aP. W. Atkins 0aPhysical Chemistrycby P. W. Atkins a6th bOxfor University PressaNew Delhic1998 a997 aChemistry cBK c8329d8329 pBE 664g750.00l0o105.23 Atkr2024-06-13 00:00:00w2022-10-30yBK003Print4071aMIETLIBbMIETLIBcBL-Second, FL-1, CUP-59, SH-3, R-3d1999-11-3010HBE pBE 665g750.00l0o105.23 Atkr2024-06-13 00:00:00w2022-10-30yBK003Print4071aMIETLIBbMIETLIBcBL-Second, FL-1, CUP-59, SH-3, R-3d1999-11-3010HBE